Pays avec le plus d'hommes - Statistiques

Statistiques générales
  • Ce quiz a été pris 10 948 fois
  • Le résultat moyen est 7 sur 16
Statistiques - réponses
Ratio Surplus pays % Correct
40.3 mil Chine
95%
50.7 mil Inde
92%
5.76 mil Pakistan
59%
1.19 mil Iran
53%
1.19 3.03 mil Arabie Saoudite
51%
3.41 1.46 mil Qatar
43%
2.18 3.77 mil Émirats arabes unis
41%
2.28 mil Égypte
38%
1.19 Oman
38%
30.3 Vatican
36%
1.41 0.703 mil Koweït
34%
1.54 Bahreïn
31%
3.76 mil Nigeria
31%
1.09 Bhoutan
16%
1.23 Maldives
10%
1.09 Palaos
7%
Aucun quiz correspondant
Distribution des résultats
% des personnes avec chaque résultat
Percentile par nombre de réponses
Votre historique - résultats
Vous n’avez pas pris ce quiz